Greek Debt Crisis - Statistics

General Stats
  • This quiz has been taken 57 times
    49 since last reset
  • The average score is 6 of 13
Answer Stats
Hint Answer % Correct
Year which worldwide recession started 2008
96%
Name given for Greek exit Grexit
64%
Name of socialist party which won elections in 2015 SYRIZA
62%
Leader of above party Alexis Tsipras
55%
Name of fascist neo-Nazi party which rose after debt crisis and subsequently fell Golden Dawn
47%
One word result of Greek referendum No
47%
Name given the ECB, IMF and European Commission Troika
43%
Group which Greece may have to leave if it defaults on debt Eurozone
40%
Name of Greek Finance Minister Yanis Varoufakis
40%
Country which Greece might go to if it leaves the Eurozone *SPECULATION* Russia
38%
Name for reducing government spending in order to reduce budget deficit Austerity
32%
Word for above answer in Greek Oxi/Ochi
30%
Total amount Greece owes (do not argue with this) $360 billion
0%
No matching quizzes found
Score Distribution
Percent of People with Each Score
Percentile by Number Answered
Your Score History
You have not taken this quiz since the last reset